LEADER 00503naa a2200133 i 4500 001 000000329236 003 CaOOAMICUS 005 20180831173616.0 008 180831n it u000 u ita u 013 $a40887 040 $aSeMil$bita 245 10$aChe cos'è la Teologia dogmatica ? 773 0 $aAssociazione teologica italiana$tFedeltà e risveglio nel Dogma.$dMilano [etc.] : Àncora, c. 1967.$kCristianesimo aperto$gp.279-286$w()46113 996 $6245$aChe cos'è la Teologia dogmatica ?$9(OLS)http://semarc/title/417745 LEADER 00562naa a2200145 i 4500 001 000000301352 003 CaOOAMICUS 005 20180831172720.0 008 180831n xx u000 u und u 013 $a9081 040 $aSeMil$bita 100 1 $aAlbertini, Mario.$0(OLS)http://semarc/name/23306 245 12$aI vincoli sacri negli Istituti secolari. 773 0 $aBoulnois, Olivier <1961- >$tDuns Scoto.$dMilano : ISTeM : Jaca book, copyr. 1999.$kEredità medievale$z88-16-43315-9$w()35302 996 $6245$aI vincoli sacri negli Istituti secolari$9(OLS)http://semarc/title/377353